Naom Chomsky (Record no. 232)

MARC details
000 -LEADER
fixed length control field 00491nam a22001337a 4500
008 - FIXED-LENGTH DATA ELEMENTS--GENERAL INFORMATION
fixed length control field 230605b xxu||||| |||| 00| 0 eng d
020 ## - INTERNATIONAL STANDARD BOOK NUMBER
International Standard Book Number 9780241972786
082 ## - DEWEY DECIMAL CLASSIFICATION NUMBER
Classification number 320.01
Item number CHO
100 ## - MAIN ENTRY--PERSONAL NAME
Titles and words associated with a name Naom Chomsky
Dates associated with a name 2015
245 ## - TITLE STATEMENT
Title Naom Chomsky
Remainder of title There is no living political writer who has more radically changed how more people think in more parts of the world about political issues; GLENN GREENWALD
Statement of responsibility, etc. Masters of Mankind
260 ## - PUBLICATION, DISTRIBUTION, ETC. (IMPRINT)
Place of publication, distribution, etc. USA
Name of publisher, distributor, etc. Haymarket Books
Date of publication, distribution, etc. 2015
300 ## - PHYSICAL DESCRIPTION
Extent 167p
942 ## - ADDED ENTRY ELEMENTS (KOHA)
Source of classification or shelving scheme Dewey Decimal Classification
Koha item type Books
Holdings
Withdrawn status Lost status Source of classification or shelving scheme Damaged status Not for loan Home library Current library Date acquired Total Checkouts Full call number Barcode Date last seen Price effective from Koha item type
    Dewey Decimal Classification     Bunge Tower Library Bunge Tower Library 06/05/2023   320.01 CHO 1000041 06/05/2023 06/05/2023 Books
LIBRARY OPENING HOURS

When the Parliament is sitting: 8.00a.m - 7.00p.m or until the house adjourns
Mondays and Fridays and when the House is on Recess:  8.00a.m - 5.00p.m
Closed on Weekends and Public Holidays

Online Public Access Catalog (OPAC)
Website: http://www.parliament.go.ke
Bunge Library: https://libraryir.parliament.go.ke
Contact: library@parliament.go.ke | Tel no: (254-2)2221291 or 2848000 Ext 5043